000 00534nam a22001577a 4500
005 20120323120226.0
020 _a0879520388
_c00.00
035 _aB-45667
037 _aDPL
_bENG
100 _aEddy, Mary Baker
_944160
245 _aScience and health :
_bWith key to the scriptures /
_cby Mary Baker Eddy
260 _aBostorn
300 _axii, 700p.
_c22 cms.
942 _2ddc
_cEN
_h215
_mEDD
999 _c64288
_d64288